| 000 | 01258nam a2200313 i 4500 | ||
|---|---|---|---|
| 001 | |||
| 003 | DO-SdBNP | ||
| 005 | 20250721141621.0 | ||
| 007 | ta | ||
| 008 | 110825s1908 dr r 000 0 spa d | ||
| 040 |
_aDO-SdBNP _bspa _cBNPHU _erda |
||
| 041 | _aspa | ||
| 082 | 4 |
_a352.14097293 _bA989m 1908-1909 _222 |
|
| 110 | 2 |
_aSanto Domingo (República Dominicana). _959020 _b Ayuntamiento. |
|
| 245 | 1 | 0 |
_aMemoria presentada por el Sr. F. Baehr, presidente del Ayuntamiento de Santo Domingo : capital de la República, al nuevo personal que regirá en bienio de 1908-1909 / _cF. Baehr |
| 264 | 1 |
_aSanto Domingo : _bJ.R, Vda. García, _c1908. |
|
| 300 |
_a55, [2 h.] páginas _bilustraciones, cuadros, _c25 cm. |
||
| 336 |
_atexto _btxt _2rdacontent |
||
| 337 |
_asin mediación _bn _2rdamedia |
||
| 338 |
_avolumen _bnc _2rdacarrier |
||
| 500 | _a Incluye anexos | ||
| 590 | _aInventariado, 2020/VM | ||
| 610 | 1 | 4 |
_aSanto Domingo (República Dominicana) _b Ayuntamiento. _vInformes _y1908-1909 _977633 |
| 650 | 0 |
_aGobierno municipal _zRepública Dominicana _917207 |
|
| 651 | 4 |
_aRepública Dominicana _xPolítica y gobierno _y1908-1909 _977634 |
|
| 700 | 1 |
_a Baehr, F. _977628 |
|
| 910 | _aVMateo/Validado. Control de calidad MFF | ||
| 942 |
_2ddc _cLF2 |
||
| 999 |
_c49295 _d49295 |
||